| 000 | 01445cam a2200361 a 4500 | ||
|---|---|---|---|
| 001 | EDZ0000077674 | ||
| 003 | StDuBDS | ||
| 005 | 20161031105130.0 | ||
| 006 | m||||||||d|||||||| | ||
| 007 | cr ||||||||||| | ||
| 008 | 120418s2010 cau fo| 001|0|eng|d | ||
| 020 |
_a9781446251089 (ebook) : _cNo price |
||
| 040 |
_aStDuBDS _beng _cStDuBDS _epn |
||
| 049 | _aAlfaisal Main Library | ||
| 050 | 0 |
_aJZ1318 _b.T83 2010 |
|
| 082 | 0 | 4 |
_a303.482 _223 |
| 100 | 1 | _aTurner, Bryan S. | |
| 245 | 1 | 0 |
_aGlobalization _h[electronic resource] : _bEast and West / _cBryan S. Turner, Habibul Haque Khondker. |
| 260 |
_aLos Angeles, [Calif.] ; _aLondon : _bSAGE, _cc2010. |
||
| 300 | _a1 online resource (xii, 239 p.) | ||
| 520 | 8 | _aThis is an examination of globalization from the perspective of both the West and the East. The text considers globalization as a general social and economic process, and the challenges it presents for Western social science. | |
| 504 | _aIncludes bibliographical references and index. | ||
| 521 | _aSpecialized. | ||
| 588 | _aDescription based on print version record. | ||
| 650 | 0 | _aGlobalization. | |
| 650 | 0 | _aEast and West. | |
| 655 | 7 |
_aElectronic books. _2local |
|
| 700 | 1 | _aKhondker, Habibul Haque. | |
| 710 | 2 | _aSage eBooks | |
| 776 | 0 | 8 |
_iPrint version : _z9781412928533 |
| 856 | 4 | 0 | _uhttp://ezproxy.alfaisal.edu/login?url=http://sk.sagepub.com/books/globalization-east-and-west |
| 942 |
_2lcc _cEBOOKS |
||
| 999 |
_c479988 _d479988 |
||